| 000 | 02606nam a22003737a 4500 | ||
|---|---|---|---|
| 001 | 103457 | ||
| 003 | KnowledgeUnlatched | ||
| 005 | 20210303104653.0 | ||
| 006 | m o d | ||
| 007 | cr u|||||||||| | ||
| 008 | 210129p20162017nyu o u00| u eng d | ||
| 035 | _a(OCoLC)1013734209 | ||
| 037 | _5BiblioBoard | ||
| 245 | 0 | 0 |
_aInsurgent Testimonies _bWitnessing Colonial Trauma in Modern and Anglophone Literature / _cNicole M. Rizzuto. |
| 020 | _a9780823274857 | ||
| 029 | 1 | _ahttps://library.biblioboard.com/ext/api/media/9dd733bd-c8ac-4aa9-8f05-5c75c0f38f8f/assets/thumbnail.jpg | |
| 040 |
_aScCtBLL _cScCtBLL |
||
| 100 | 1 |
_aRizzuto, Nicole M. _eauthor. |
|
| 264 | 1 | _bFordham University Press, | |
| 300 | _a1 online resource (281 p.) | ||
| 506 | 0 |
_aAccess copy available to the general public. _fUnrestricted _2star |
|
| 520 | _aDuring the second half of the nineteenth century and the first half of the twentieth, insurgencies erupted in imperial states and colonies around the world, including Britain's. As Nicole Rizzuto shows, the writings of Ukrainian-born Joseph Conrad, Anglo-Irish Rebecca West, Jamaicans H. G. de Lisser and V. S. Reid, and Kenyan Ng gi wa Thiong, testify to contested events in colonial modernity in ways that question premises underlying approaches in trauma and memory studies and invite us to reassess divisions and classifications in literary studies that generate such categories as modernist, colonial, postcolonial, national, and world literatures. Departing from tenets of modernist studies and from methods in the field of trauma and memory studies, Rizzuto contends that acute as well as chronic disruptions to imperial and national power and the legal and extra-legal responses they inspired shape the formal practices of literatures from the modernist, colonial, and postcolonial periods.This title was made Open Access by libraries from around the world through Knowledge Unlatched. | ||
| 588 | 0 | _aDescription based on print version record. | |
| 590 | _aKnowledge Unlatched Round 2 | ||
| 650 | 7 |
_aSocial Science _2bisacsh |
|
| 650 | 7 |
_aPolitical Science _2bisacsh |
|
| 650 | 0 | _aSocial sciences | |
| 655 | 0 | _aElectronic books. | |
| 758 |
_iIs found in: _aKnowledge Unlatched Round 2 _1https://openresearchlibrary.org/module/7e500862-ce21-4888-8253-ce0c16e934e3 |
||
| 856 | 4 | 0 |
_uhttps://openresearchlibrary.org/content/9dd733bd-c8ac-4aa9-8f05-5c75c0f38f8f _zView this content on Open Research Library. _70 |
| 999 |
_c32266 _d32266 |
||